Introducción a la matemática moderna

שמור ב:
מידע ביבליוגרפי
מחבר ראשי: Vance, Elbridge Putnam (Author)
פורמט: ספר
שפה:אנגלית
ספרדית
יצא לאור: Bogotá Fondo Educativo Interamericano 1968
סדרה:Bilingua
נושאים:
תגים: הוספת תג
אין תגיות, היה/י הראשונ/ה לתייג את הרשומה!

MARC

LEADER 00000nam a2200000 a 4500
001 UCU2797
003 CL-VaPUC
008 960426e19680000CK |||||||||||||||||eng|d
041 0 7 |a eng  |2 CL-VaPUC 
041 0 7 |a spa  |2 CL-VaPUC 
082 0 4 |a 512.9  |b VAN  |2 21 
100 0 |a Vance, Elbridge Putnam  |e author  |9 359321 
245 1 0 |a Introducción a la matemática moderna 
246 1 3 |a An introduction to modern mathematics 
300 |a 534 p 
942 |c BK 
945 |d 19960426 00:00:00  |a lriquelm 
260 |a Bogotá  |b Fondo Educativo Interamericano  |c 1968 
650 0 |a Matemática  |9 260235 
650 0 |a Álgebra  |9 259567 
650 0 |a Lógica matemática   |9 262442 
650 0 |a Funciones   |9 263869 
650 7 |a REPREENTACION CONFORME  |2 CL-VaPUC  |9 359322 
650 0 |a Cálculo diferencial   |9 260102 
650 0 |a Cálculo integral  |9 260103 
583 |a last modification  |c 19960426 00:00:00  |k Rodrigo Vera 
490 0 |a Bilingua 
999 |c 247012  |d 247010 
952 |0 0  |1 0  |4 0  |6 512_900000000000000_VAN_1968  |7 0  |8 A  |9 262522  |a BIBING  |b BIBING  |d 2019-11-19  |i 164601K  |o 512.9 VAN 1968  |p 164601K  |r 2023-03-02  |w 2019-11-19  |y BK  |k TRA